Quran Majeed Mutarjam. (Record no. 1817)

MARC details
000 -LEADER
fixed length control field 00597nam a2200241 a 4500
020 ## - INTERNATIONAL STANDARD BOOK NUMBER
ISBN
082 00 - DEWEY DECIMAL CLASSIFICATION NUMBER
Classification number 297.1225439
Author Cutter HAI1
100 ## - MAIN ENTRY--AUTHOR NAME
Author name Hairat, Dehlavi
245 ## - TITLE STATEMENT
Title Quran Majeed Mutarjam.
260 ## - PUBLICATION, DISTRIBUTION, ETC. (IMPRINT)
Place of publication Delhi
Name of publisher Matrkazi Maktaba Jamat-E-Ilami
Year of publication 1419
300 ## - PHYSICAL DESCRIPTION
Number of Pages 480p
500 ## - GENERAL NOTE
General note includes index and biblioraphy
505 2# - FORMATTED CONTENTS NOTE
Formatted contents note Arabic-Urdu
650 ## - SUBJECT ADDED ENTRY--TOPICAL TERM
Topical Term Quran-Translation-Urdu
942 ## - ADDED ENTRY ELEMENTS (KOHA)
Koha item type
700 1# -
-- Hairat, Dehlavi
Holdings
Collection code Home library Current library Shelving location Date acquired Cost, normal purchase price Full call number Accession Number Koha item type
Reference Henry Martyn Institute Library Henry Martyn Institute Library Reference 05/24/2005 0.00 297.1225439 HAI1 00119 E-Books
Reference Henry Martyn Institute Library Henry Martyn Institute Library Reference 09/06/2018   297.1225439 HAI1 VOL - II 120 E-Books
                   Copyright © 2026 | Henry Martyn Institute | Hyderabad | TS-500052 | INDIA | Implemented by hmi.edu.in
Hit-Count:

Powered by Koha